LEADER 01447nam--22004091i-450- 001 990002099720203316 005 20090521092927.0 010 $a88-7524-039-6 035 $a000209972 035 $aUSA01000209972 035 $a(ALEPH)000209972USA01 035 $a000209972 035 $a954036 100 $a20041021d2004----y0itay0103 ba 101 $aita 102 $aIT 105 $ay|||z|||001yy 200 1 $a<> responsabilità dell'impresa per i fatti di reato$ecommento alla legge 29 settembre 2000, n.300 ed al d.lgs. 8 giugno 2001, n.231$epresupposti della responsabilità e modelli organizzativi$fAntonio Fiorella, Gianfranco Lancellotti 210 $aTorino$cG. Giappichelli$d2004 215 $aVI,413 p.$d24 cm 225 2 $aDiritto e professione 410 0$12001$aDiritto e professione 606 0 $aImprese$xDiritto penale 676 $a345.450268 700 1$aFIORELLA,$bAntonio$0231414 701 1$aLANCELLOTTI,$bGianfranco$0426818 801 0$aIT$bEditrice Bibliografica$gISBD 912 $a990002099720203316 951 $aXXV.3.C 22 (IG XI 1060)$b46172 G.$cXXV.3.C 22 (IG XI)$d00179681 959 $aBK 969 $aGIU 979 $aMARIA$b10$c20041021$lUSA01$h1144 979 $aPATRY$b90$c20050316$lUSA01$h0941 979 $aRENATO$b90$c20050704$lUSA01$h1210 979 $aRSIAV2$b90$c20090521$lUSA01$h0929 996 $aResponsabilità dell'impresa per i fatti di reato$9747574 997 $aUNISA LEADER 01037nam a22002291i 4500 001 991002172459707536 005 20040211193706.0 008 040407s1965 xxua||||||||||||||||eng 035 $ab1288179x-39ule_inst 035 $aARCHE-086141$9ExL 040 $aDip.to Scienze Storiche$bita$cA.t.i. Arché s.c.r.l. Pandora Sicilia s.r.l. 100 1 $aHardison, Osborne Bennett$0201898 245 10$aChristian rite and christian drama in the middle ages :$bessays in the origin and early history of modern drama /$cby O.B. Hardison, jr 260 $aBaltimore :$bJohns Hopkins Press,$c[1965] 300 $aXIII, 328 p., [1] c. di tav. :$bill. ;$c24 cm 650 4$aDramma sacro$xCristianesimo$xStoria 907 $a.b1288179x$b02-04-14$c16-04-04 912 $a991002172459707536 945 $aLE009 STOR.25-8$g1$i2009000157101$lle009$o-$pE0.00$q-$rl$s- $t0$u1$v0$w1$x0$y.i13444335$z16-04-04 996 $aChristian rite and christian drama in the middle ages$9301473 997 $aUNISALENTO 998 $ale009$b16-04-04$cm$da $e-$feng$gxxu$h0$i1 LEADER 04222nam 22006255 450 001 9910299896203321 005 20251113194555.0 010 $a3-319-64057-7 024 7 $a10.1007/978-3-319-64057-0 035 $a(CKB)4100000000586795 035 $a(DE-He213)978-3-319-64057-0 035 $a(MiAaPQ)EBC5043115 035 $a(PPN)204536685 035 $a(iGPub)SPNA0051315 035 $a(EXLCZ)994100000000586795 100 $a20170909d2018 u| 0 101 0 $aeng 135 $aurnn|008mamaa 181 $ctxt$2rdacontent 182 $cc$2rdamedia 183 $acr$2rdacarrier 200 10$aIntelligent Transportation Systems $e802.11-based Vehicular Communications /$fby Syed Faraz Hasan, Nazmul Siddique, Shyam Chakraborty 205 $a2nd ed. 2018. 210 1$aCham :$cSpringer International Publishing :$cImprint: Springer,$d2018. 215 $a1 online resource (XXIV, 183 p. 83 illus., 66 illus. in color.) 311 08$a3-319-64056-9 320 $aIncludes bibliographical references and index. 327 $aWireless Technology for Vehicles -- Basics of Vehicular Communication -- Performance Indicators of Vehicular Communication -- Markov Representation of Vehicular Communications -- Disruption in Vehicular Communications -- Inter ISP Roaming for Vehicular Communications -- Handover Latency in Vehicular Communication -- Cellular Technology based Vehicular Communication -- Epilogue -- Bibliography -- Index -- A Backward Algorithm -- EAP Authentication Mechanism -- C Software Tools -- D Abbreviations. 330 $aThis new edition continues to focus on the nuts and bolts of wireless network access for devices on board vehicles. It has been updated to reflect on the most recent trends in the broad domain of Intelligent Transport Systems. It covers 802.11ac ? a recent standard that is very useful in context where a large amount of information is to be sent in a limited time window. The new edition includes a thorough revision of the 'Vehicular Communication: Issues and Standards' chapter, with new citations and a new subsection on security. The new edition also cites numerous fresh research works to give readers an updated overview of the field. An update on the time delay incurred by applications that always run in the background (Skype, etc) is also covered. The 'Future Directions and Research Ideas' chapter is also largely re-written. An entirely new chapter on D2D communication keeping in view the vehicular context has been added in this edition. This volume will be a useful addition to the libraries for both the students of wireless communication and those studying applied probability. ? Updated for new standards and recent works in wireless networks and vehicular communications; ? Includes new information on D2D communication for vehicular networks, and a new discussion on security issues; ? Features a new case study on the provision of infotainment services in vehicular setups; ? Discusses the vision of autonomous and connected vehicles. 606 $aTelecommunication 606 $aComputer networks 606 $aAutomotive engineering 606 $aTransportation engineering 606 $aTraffic engineering 606 $aCommunications Engineering, Networks 606 $aComputer Communication Networks 606 $aAutomotive Engineering 606 $aTransportation Technology and Traffic Engineering 615 0$aTelecommunication. 615 0$aComputer networks. 615 0$aAutomotive engineering. 615 0$aTransportation engineering. 615 0$aTraffic engineering. 615 14$aCommunications Engineering, Networks. 615 24$aComputer Communication Networks. 615 24$aAutomotive Engineering. 615 24$aTransportation Technology and Traffic Engineering. 676 $a621.382 700 $aHasan$b Syed Faraz$4aut$4http://id.loc.gov/vocabulary/relators/aut$0956518 702 $aSiddique$b Nazmul$4aut$4http://id.loc.gov/vocabulary/relators/aut 702 $aChakraborty$b Shyam$4aut$4http://id.loc.gov/vocabulary/relators/aut 906 $aBOOK 912 $a9910299896203321 996 $aIntelligent Transportation Systems$92497188 997 $aUNINA